00931nam a2200277 a 4500001000200000003000900002005001700011007000200028008003800030020001800068040002200086082002500108100001800133245010800151246004100259260004300300300003000343490003900373534003500412650004000447650004400487700003400531700003300565700003600598710001900634 DO-SdBNP20231219105436.0 090819s2008 mx a 000 0 spa d a9789702218357 aBPMSUbspacBPMSU a813.5bK46b 20082221 a Kidd, Ronald10aBambi : bel vecino ruidoso /cRonald Kidd ; iusustrado por Adan Devaney, Dean Kleven y Diana Wakeman13aPadres e hijos comparten y aprenden  aMéxico :bEdiciones Larousse, c2008 a[42] p. :bils. ;c27 cm.0 aMi biblioteca familiar bilingüe  aTexto en español e inglés  4aCuentos infantiles estadounidenses. 4aLiteratura infantil estadounidensesv 1 aDevaney, Adaneilustración 1 aKleven, Deaneilustración 1 aWakeman, Diana eilustración 2 aWalt Disney